00397nam a2200157Ia 450000500170000000800410001702000150005808200190007324500300009226000370012230000150015965000100017465000100018470000240019470000210021820241218061002.0240331s9999 xx 000 0 und d a8131600955 bJAY25763a305 0aRural Women in South Asia aJaipurbRawat Publicationsc2007 ax, 294 p., aWomen aRural aArunachalam, Jeedt aKalpagam, Ueedt